000 00293nam a22001337a 4500
008 170609b xxu||||| |||| 00| 0 eng d
020 _a9780742556324
041 _aeng
080 _22ND
_a32
100 _a19
101 _aSHP
245 _aTHE NEW FOREIGN POLICY
_cNEACK,L
942 _2udc
_cBK
999 _c16679
_d16679